01075nam a22001337a 4500020001800000082001900018100004400037245009400081260006400175300001000239520065900249650001400908650001900922 a9789383079087 a398.2054bTRA- aVivekananda Kendra Institute of Culture aTraditional Systems of Teh Tangsa and the Tutsa/cVivekananda Kendra Institute of Culture aGuwahati:bVivekananda Kendra Institute of Culture, c2005. a200p. aThe Tangsa and the Tutsa are two of the important communities of Arunachal pradesh . They are inhabitants of Changlang - the district which borders Nagaland. Some of the important initiaves of these two communities in recent time have been the concretizing of their supreme Deity, Rangfraa and the opening of the Rangfraa Mandirs to revitaliza their indigemousfaith and culture. This book is a compilation of the seminar on ' Traditional Systems of the Tangsa and the Tutsa Community of Aruchal Pradesh ' Subject such as judicial sysytem and customary Laws, Rituals, Traditional healing, Marriage System, divination etc. have been included in the volume. aEthnology aSocial systems